[Event "Romulus (RVO/2/4)"]
[Site "?"]
[Date "1994.??.??"]
[Round "?"]
[White "Gabbara, Faris"]
[Black "Walker, LeRoy"]
[Result "0-1"]
[WhiteElo "2195"]
[BlackElo "1860"]
[PlyCount "98"]
[EventDate "1994.??.??"]

{2/(4)} 1. Nf3 c5 2. e4 Nc6 3. Nc3 g6 4. d4 cxd4 5. Nxd4 Bg7 6. Be3 Nf6 7. Bc4
O-O 8. Bb3 Ng4 9. Qxg4 Nxd4 10. Rd1 d6 11. Qg3 Nxb3 12. axb3 f5 13. h4 fxe4 14.
Nxe4 Qa5+ 15. c3 Qf5 16. f3 Qb5 17. h5 Bf5 18. hxg6 Bxg6 19. Bd4 e5 20. Nxd6
Qd5 21. Be3 Qxb3 22. Rd2 Qa4 23. O-O Qc6 24. c4 Rad8 25. Rfd1 b6 26. Nf5 Rxd2
27. Ne7+ Kh8 28. Nxc6 Rxd1+ 29. Kf2 Bd3 30. Bg5 Bxc4 31. Nxe5 Rf1+ 32. Ke3 Re8
33. f4 Rd1 34. Qh2 Kg8 35. Kf3 Bd5+ 36. Ke3 Bxe5 37. fxe5 Rxe5+ 38. Kf4 Re4+
39. Kg3 Re2 40. Kh4 Rd4+ 41. Kh3 Be6+ 42. Kg3 Bd5 43. Kh3 Bxg2+ 44. Kg3 Rd3+
45. Be3 Rdxe3+ 46. Kf4 Re4+ 47. Kg5 Re5+ 48. Kf6 Rf5+ 49. Kxf5 Be4+ 0-1

[Event "Gaylord (NMO/3/1)"]
[Site "?"]
[Date "1994.??.??"]
[Round "?"]
[White "Gabbara, Faris"]
[Black "Townsend, Paul"]
[Result "1-0"]
[WhiteElo "2195"]
[BlackElo "1865"]
[PlyCount "75"]
[EventDate "1994.??.??"]

{3/(1)} 1. e4 e6 2. d4 d5 3. Nd2 dxe4 4. Nxe4 Nf6 5. Bg5 Be7 6. Nxf6+ Bxf6 7.
Bxf6 Qxf6 8. Nf3 O-O 9. Bd3 Nc6 10. O-O Ne7 11. c4 Bd7 12. Ne5 Rfd8 13. Ng4 Qh4
14. g3 Qh3 15. Re1 f5 16. Ne5 f4 17. Bf1 Qf5 18. g4 Qf6 19. Bg2 Kf8 20. Bxb7
Rab8 21. Qf3 Be8 22. Bc6 Nxc6 23. Nxc6 Bxc6 24. Qxc6 Rxb2 25. Rad1 Rxa2 26.
Rxe6 Qg5 27. Qf3 Kg8 28. Re5 Qh6 29. Rf5 g5 30. c5 Ra5 31. Qb3+ Kh8 32. Qc3 Ra6
33. d5+ Kg8 34. d6 cxd6 35. Qc4+ d5 36. Rfxd5 Rxd5 37. Rxd5 Ra1+ 38. Rd1+ 1-0

[Event "Trenton (Oct)"]
[Site "?"]
[Date "1994.??.??"]
[Round "?"]
[White "Gabbara, Faris"]
[Black "Thompson, Dexter"]
[Result "0-1"]
[WhiteElo "2195"]
[BlackElo "2215"]
[PlyCount "88"]
[EventDate "1994.??.??"]

1. e4 e5 2. Nf3 Nc6 3. d4 exd4 4. Bc4 Bc5 5. c3 dxc3 6. Nxc3 d6 7. Ng5 Nh6 8.
O-O O-O 9. h3 Na5 10. Bd3 f6 11. Nf3 Nf7 12. Nd5 Nc6 13. a3 a5 14. Be3 Bxe3 15.
Nxe3 Nfe5 16. Bc2 Nxf3+ 17. Qxf3 Nd4 18. Qd1 Nxc2 19. Qxc2 Be6 20. Rac1 Rc8 21.
Qc3 b6 22. f4 Re8 23. Rcd1 Qe7 24. Rfe1 Kh8 25. Rd2 Qd7 26. f5 Bf7 27. Ng4 Qe7
28. Rf2 Bh5 29. Nh2 Qe5 30. Qb3 Re7 31. g4 Bf7 32. Qf3 Rce8 33. g5 Qd4 34. gxf6
gxf6 35. Kh1 Rxe4 36. Rg1 Re1 37. Rxe1 Rxe1+ 38. Rf1 Bd5 39. Rxe1 Bxf3+ 40.
Nxf3 Qd5 41. Kg2 Qxf5 42. Re7 c5 43. Kg3 Kg8 44. Nh4 Qg5+ 0-1

[Event "Eastpointe (MI Action/4/2)"]
[Site "?"]
[Date "1994.??.??"]
[Round "?"]
[White "Gabbara, Faris"]
[Black "Thompson, Dexter"]
[Result "0-1"]
[WhiteElo "2170"]
[BlackElo "2225"]
[PlyCount "69"]
[EventDate "1994.??.??"]

{4/(2)} 1. e4 e5 2. Nf3 Nc6 3. d4 exd4 4. Bc4 Bc5 5. c3 dxc3 6. Bxf7+ Kxf7 7.
Qd5+ Kf8 8. Qxc5+ Qe7 9. Qxe7+ Ngxe7 10. Nxc3 d6 11. h3 h6 12. a3 Kf7 13. b4
Be6 14. O-O Rhf8 15. Re1 Kg8 16. Kh2 a6 17. Be3 Rf7 18. Rac1 Raf8 19. b5 axb5
20. Nxb5 Ng6 21. Nbd4 Bd7 22. Nxc6 bxc6 23. Rc3 c5 24. e5 Rxf3 25. gxf3 Nxe5
26. Rec1 Nxf3+ 27. Kg3 Ne5 28. f4 Ng6 29. Ra1 Ne7 30. a4 Nd5 31. Rd3 Bc6 32. a5
Re8 33. Bd2 c4 34. Rd4 Re2 35. Ra2 0-1

[Event "Novi (Oct)"]
[Site "?"]
[Date "1994.??.??"]
[Round "?"]
[White "Gabbara, Faris"]
[Black "Thompson, Dexter"]
[Result "0-1"]
[WhiteElo "2195"]
[BlackElo "2215"]
[PlyCount "139"]
[EventDate "1994.??.??"]

1. e4 e5 2. Nf3 Nc6 3. d4 exd4 4. Bc4 Bc5 5. O-O d6 6. h3 Nf6 7. Re1 O-O 8. Bg5
h6 9. Bh4 Re8 10. c3 Ne5 11. cxd4 Nxf3+ 12. gxf3 Bb4 13. Bxf7+ Kxf7 14. Qb3+
Be6 15. Qxb4 Qd7 16. Nc3 Bxh3 17. Qc4+ Be6 18. d5 Bh3 19. Nb5 a6 20. Nd4 Re5
21. Bg3 Rh5 22. e5 dxe5 23. d6+ Kf8 24. Rxe5 Rxe5 25. Bxe5 cxd6 26. Qb4 Rd8 27.
Rd1 Nd5 28. Qa3 Qe7 29. Bg3 Kg8 30. Qb3 Qf7 31. Ne2 Be6 32. Nd4 Bh3 33. Ne2 Re8
34. Qxd5 Rxe2 35. Qxf7+ Kxf7 36. b4 Rxa2 37. Rxd6 Be6 38. Rd3 Rb2 39. Bd6 Ra2
40. Kg2 a5 41. bxa5 Rxa5 42. Rc3 Rg5+ 43. Kf1 b5 44. Rc7+ Kg6 45. f4 Bc4+ 46.
Ke1 Rg1+ 47. Kd2 h5 48. Be5 Kh6 49. f5 h4 50. Rc6+ Kh5 51. Rc7 h3 52. Bf4 Rg4
53. Be5 Re4 54. Bg3 Rg4 55. Be5 Rg2 56. Ke3 h2 57. Bxh2 Rxh2 58. Rxg7 Kh6 59.
Rg3 Rh5 60. Kf4 b4 61. Ke5 b3 62. Rg6+ Kh7 63. Rb6 Rh2 64. Rb7+ Kh8 65. Rb8+
Bg8 66. f4 Re2+ 67. Kf6 Kh7 68. Rb7+ Kh6 69. Rb8 Rg2 70. Ke7 0-1

[Event "Gaylord (NMO/1/1)"]
[Site "?"]
[Date "1994.??.??"]
[Round "?"]
[White "Gabbara, Faris"]
[Black "Sansone, W."]
[Result "1-0"]
[WhiteElo "2195"]
[BlackElo "1605"]
[PlyCount "93"]
[EventDate "1994.??.??"]

{1/(1)} 1. e4 c6 2. c4 d5 3. exd5 cxd5 4. d4 Nf6 5. Nc3 e6 6. Nf3 Nc6 7. Bg5
Be7 8. Rc1 O-O 9. Bd3 a6 10. a3 Re8 11. O-O Rb8 12. c5 b6 13. Bf4 Ra8 14. cxb6
Qxb6 15. Na4 Qb7 16. b4 Bd7 17. Nc5 Bxc5 18. bxc5 a5 19. Be5 Nxe5 20. Nxe5 Bc6
21. Rb1 Qc7 22. Nxc6 Qxc6 23. Bb5 Qc8 24. Bxe8 Nxe8 25. Qb3 Nc7 26. Qb7 h6 27.
Qxc8+ Rxc8 28. Rb7 Kf8 29. Rfb1 Ke7 30. R1b6 Kd8 31. Rd6+ Ke7 32. f4 f5 33. h4
h5 34. Kf1 Ke8 35. Ke1 g6 36. Kd2 Ke7 37. Kc2 Ke8 38. Kb3 a4+ 39. Kb4 Ke7 40.
Ka5 Ke8 41. c6 Rd8 42. Rxd8+ Kxd8 43. Kb6 Na8+ 44. Kc5 Nc7 45. Kd6 Na6 46. Rg7
Ke8 47. Ra7 1-0

[Event "Detroit (MCO/Ch/1b/1)"]
[Site "?"]
[Date "1994.??.??"]
[Round "?"]
[White "Gabbara, Faris"]
[Black "Men, Boris"]
[Result "0-1"]
[WhiteElo "2195"]
[BlackElo "2545"]
[PlyCount "51"]
[EventDate "1994.??.??"]

1. d4 Nf6 2. Nf3 c5 3. e3 cxd4 4. exd4 g6 5. Bd3 Bg7 6. O-O O-O 7. c3 d6 8. h3
Nc6 9. Re1 e5 10. Bg5 h6 11. Bh4 Re8 12. Nbd2 g5 13. Bg3 Nd5 14. Bb5 Nf4 15.
Bxf4 gxf4 16. d5 a6 17. Ba4 b5 18. dxc6 bxa4 19. Nc4 Bf8 20. Qxa4 Qc7 21. Rad1
Be6 22. Ncxe5 dxe5 23. Nxe5 Rad8 24. Rxd8 Rxd8 25. Qxf4 Bg7 26. Ng6 $138 0-1

[Event "Detroit (MI Op/2/26)"]
[Site "?"]
[Date "1994.??.??"]
[Round "?"]
[White "Gabbara, Faris"]
[Black "McCarter, Robert"]
[Result "1-0"]
[WhiteElo "2170"]
[BlackElo "1735"]
[PlyCount "97"]
[EventDate "1994.??.??"]

{2/(26)} 1. e4 c5 2. Nf3 d6 3. d4 cxd4 4. Nxd4 Nf6 5. Nc3 a6 6. a4 Nc6 7. Be2
e5 8. Nb3 Be6 9. Bg5 Be7 10. O-O O-O 11. f4 exf4 12. Bxf4 Qb6+ 13. Kh1 Ne5 14.
a5 Qc7 15. Nd4 Bg4 16. Bxg4 Nexg4 17. Nf5 Ne5 18. Nxe7+ Qxe7 19. Bg5 Qe6 20.
Bxf6 gxf6 21. Nd5 Nc4 22. Nxf6+ Kg7 23. Qh5 Rh8 24. Qg5+ Kf8 25. Qh6+ Ke7 26.
Nd5+ Kd7 27. Rf6 Qxe4 28. Rxd6+ Kc8 29. Qh3+ f5 30. Qc3 Rg8 31. Ne3 Re8 32.
Qxc4+ Kb8 33. Qxe4 Rxe4 34. Nxf5 Ka7 35. h3 Re2 36. Nd4 Rf2 37. Rd7 Rc8 38. Re1
Rc4 39. Ree7 Rf4 40. Rxb7+ Ka8 41. Rbd7 Rf8 42. Ne6 Rg8 43. Nc7+ Kb8 44. Nxa6+
Kc8 45. Rc7+ Rxc7 46. Rxc7+ Kd8 47. Rxh7 Rg6 48. Nc5 Rd6 49. Nb7+ 1-0

[Event "Eastpointe (MI Action/1/5)"]
[Site "?"]
[Date "1994.??.??"]
[Round "?"]
[White "Gabbara, Faris"]
[Black "Martell, Raul"]
[Result "1-0"]
[WhiteElo "2170"]
[BlackElo "1605"]
[PlyCount "65"]
[EventDate "1994.??.??"]

{1/(5)} 1. e4 e5 2. f4 Nc6 3. Nf3 d6 4. Bc4 Be7 5. O-O Nf6 6. d3 O-O 7. c3 a6
8. a4 Bd7 9. b4 Rb8 10. b5 Na5 11. Qe2 Nxc4 12. dxc4 exf4 13. Bxf4 Re8 14. Qd3
Be6 15. Nbd2 Rc8 16. Nd4 c6 17. bxc6 bxc6 18. Rab1 Qd7 19. Nxe6 fxe6 20. Nf3 e5
21. Bg5 h6 22. Bh4 Nh5 23. Nxe5 Qa7+ 24. Bf2 c5 25. Nc6 Qc7 26. Nxe7+ Rxe7 27.
Qd5+ Kh8 28. Qxh5 Rxe4 29. Qd5 Rce8 30. Rb7 Qd8 31. Bg3 R8e6 32. Rbf7 Qg5 33.
Qxg5 1-0

[Event "Romulus (RVO/4/7)"]
[Site "?"]
[Date "1994.??.??"]
[Round "?"]
[White "Gabbara, Faris"]
[Black "Mankiewicz, Ryan"]
[Result "1-0"]
[WhiteElo "2195"]
[BlackElo "1835"]
[PlyCount "83"]
[EventDate "1994.??.??"]

{4/(7)} 1. d4 d5 2. c4 c6 3. Nf3 Nf6 4. Nc3 dxc4 5. a4 Bf5 6. e3 e6 7. Bxc4 Bb4
8. O-O Nbd7 9. Qb3 Qe7 10. Na2 a5 11. Nxb4 Qxb4 12. Qxb4 axb4 13. Bd2 Nb6 14.
Bb3 Nbd5 15. Bxd5 Nxd5 16. Ne5 f6 17. Nc4 Bd3 18. Rfc1 Kd7 19. b3 b5 20. Nb2
Bg6 21. f3 bxa4 22. Nxa4 f5 23. e4 fxe4 24. fxe4 Rxa4 25. Rxa4 Bxe4 26. Ra7+
Kd6 27. Rxg7 Ra8 28. Be1 Ne3 29. Bxb4+ c5 30. Bxc5+ Kc6 31. Ba7+ Kb5 32. g4 Bd5
33. Kf2 Rxa7 34. Rxa7 Nxg4+ 35. Kg3 Ne3 36. Kf4 Ng2+ 37. Ke5 Ne3 38. Rxh7 Ng4+
39. Kd6 Nf6 40. Rh4 Kb4 41. Ke7 Ne4 42. Rxe4 1-0

[Event "Detroit (MCO/Ch/6/6)"]
[Site "?"]
[Date "1994.??.??"]
[Round "?"]
[White "Gabbara, Faris"]
[Black "Livschitz, Victoria"]
[Result "1-0"]
[WhiteElo "2195"]
[BlackElo "2400"]
[PlyCount "114"]
[EventDate "1994.??.??"]

{6/(6)} 1. d4 d5 2. c4 c6 3. Nf3 Nf6 4. Nc3 dxc4 5. a4 Bf5 6. e3 e6 7. Bxc4 Bb4
8. O-O O-O 9. Nh4 Nbd7 10. Nxf5 exf5 11. Qb3 Bxc3 12. bxc3 Qc7 13. f3 c5 14.
Bd3 g6 15. e4 c4 16. Bxc4 Rac8 17. Bb5 Qxc3 18. Qxc3 Rxc3 19. exf5 gxf5 20. Bd2
Rc2 21. Rfd1 Nb6 22. Bd3 Rb2 23. a5 Nbd5 24. Bxf5 Re8 25. Bd3 Kg7 26. Rab1 Rxb1
27. Rxb1 b6 28. axb6 axb6 29. Kf2 Re7 30. Rc1 Rc7 31. Rb1 Re7 32. g3 Re8 33.
Bc4 Rc8 34. Bxd5 Nxd5 35. Rb5 Rd8 36. Ke2 Kf6 37. Kd3 Ke6 38. Rb1 f6 39. Re1+
Kd6 40. g4 Rd7 41. h4 Rf7 42. Rf1 f5 43. g5 Ra7 44. Rb1 Ra3+ 45. Ke2 Ra2 46.
Ke1 Ra4 47. h5 Ke6 48. Rc1 Rxd4 49. Rc6+ Kf7 50. Rd6 f4 51. Rd7+ Kg8 52. g6
hxg6 53. hxg6 Ne3 54. Rb7 Rd8 55. Ke2 Nd5 56. Bc1 Rd6 57. g7 Re6+ 1-0

[Event "Detroit (MI Op/5/12)"]
[Site "?"]
[Date "1994.??.??"]
[Round "?"]
[White "Gabbara, Faris"]
[Black "Harris, T."]
[Result "1-0"]
[WhiteElo "2170"]
[BlackElo "2000"]
[PlyCount "111"]
[EventDate "1994.??.??"]

{5/(12)} 1. e4 c5 2. Nf3 d6 3. d4 cxd4 4. Nxd4 Nf6 5. Nc3 Nc6 6. Bg5 e6 7. f4
Be7 8. Qd2 a6 9. O-O-O Bd7 10. Be2 Qc7 11. g4 O-O-O 12. f5 Kb8 13. Kb1 Bc8 14.
fxe6 fxe6 15. Bc4 Nxd4 16. Qxd4 Nxg4 17. Bxe7 Qxe7 18. Rhg1 Ne5 19. Be2 g6 20.
Na4 Qc7 21. Rg3 Nc6 22. Qf2 Rhf8 23. Qg2 b5 24. Nc3 Qb6 25. Qh3 Rf7 26. Bg4 Re7
27. Qf1 Ne5 28. Be2 Rf7 29. Qh3 Bd7 30. Rf1 Rdf8 31. Rgg1 Kb7 32. Qg2 Rxf1+ 33.
Rxf1 Rxf1+ 34. Qxf1 Qe3 35. a4 Qb6 36. axb5 axb5 37. Nxb5 g5 38. Na3 Qe3 39.
Qe1 Qd4 40. Qa5 Qb6 41. Qd2 h6 42. h3 Qc5 43. Bf1 Bc6 44. Qe2 Kc7 45. Ka2 Qd4
46. Bg2 Qc5 47. b3 Qd4 48. Qe1 Qc5 49. Qd2 Bb7 50. Kb2 Bc6 51. Nb1 Ng6 52. Nc3
Nf4 53. Bf1 Qe5 54. Qe3 d5 55. Qa7+ Bb7 56. Ba6 1-0

[Event "Detroit (CAO/5/4)"]
[Site "?"]
[Date "1994.??.??"]
[Round "?"]
[White "Gabbara, Faris"]
[Black "Gentry, Loyd"]
[Result "1-0"]
[WhiteElo "2155"]
[BlackElo "1605"]
[PlyCount "60"]
[EventDate "1994.??.??"]

{5/(4)} 1. e4 e5 2. f4 exf4 3. Bc4 Nf6 4. Nc3 g6 5. Nf3 Bg7 6. d4 Nh5 7. O-O d6
8. Nd5 O-O 9. c3 Bg4 10. Nxf4 Nxf4 11. Bxf4 Qf6 12. Bg3 Bxf3 13. Rxf3 Qe7 14.
Qb3 Nd7 15. Raf1 d5 16. Bxd5 Nf6 17. Bh4 c6 18. e5 cxd5 19. exf6 Bxf6 20. Bxf6
Qd7 21. c4 dxc4 22. Qe3 Qe6 23. Qh6 Qxf6 24. Rxf6 Rad8 25. Qf4 Rd7 26. h4 b5
27. h5 b4 28. hxg6 hxg6 29. Rxg6+ fxg6 30. Qxf8+ Kh7 1-0

[Event "Detroit (CAO/2/4)"]
[Site "?"]
[Date "1994.??.??"]
[Round "?"]
[White "Gabbara, Faris"]
[Black "Gentry, Bronson"]
[Result "1-0"]
[WhiteElo "2155"]
[BlackElo "1605"]
[PlyCount "73"]
[EventDate "1994.??.??"]

{2/(4)} 1. e4 e5 2. f4 exf4 3. Bc4 Bc5 4. d4 Bb6 5. Bxf4 Qe7 6. Nc3 Ba5 7. Qd3
Nf6 8. e5 Nc6 9. Nge2 Ng4 10. O-O b6 11. a3 Bxc3 12. Nxc3 Bb7 13. h3 Nh6 14.
Bxh6 O-O-O 15. Rxf7 Qh4 16. Bf4 Rhf8 17. Bg3 Qxd4+ 18. Qxd4 Nxd4 19. e6 dxe6
20. Rxc7+ Kb8 21. Rd1 Ka8 22. Be5 Nxc2 23. Rxd8+ Rxd8 24. Rxg7 Ne3 25. Bxe6 a5
26. Bf4 Nc2 27. Rg8 Rxg8 28. Bxg8 Ne1 29. Bd5 Bxd5 30. Nxd5 Nd3 31. b4 Kb7 32.
Be3 axb4 33. axb4 Kc6 34. Nf6 b5 35. Bd2 h5 36. Nxh5 Kd5 37. Nf4+ 1-0

[Event "Novi (Oct)"]
[Site "?"]
[Date "1994.??.??"]
[Round "?"]
[White "Gabbara, Faris"]
[Black "Dixon, F."]
[Result "1-0"]
[WhiteElo "2195"]
[BlackElo "1740"]
[PlyCount "93"]
[EventDate "1994.??.??"]

1. d4 d5 2. c4 e6 3. Nc3 Nf6 4. cxd5 exd5 5. Bg5 Bb4 6. e3 O-O 7. Bd3 h6 8. Bh4
Be6 9. Nge2 Nbd7 10. O-O c6 11. Nf4 Be7 12. Rc1 Bg4 13. f3 Bh5 14. Bxf6 Nxf6
15. g4 Bg6 16. Bxg6 fxg6 17. Ne6 Qd6 18. Nxf8 Rxf8 19. Qd3 Qe6 20. Ne2 Bd6 21.
Nf4 Qd7 22. Qxg6 Qc7 23. Ne6 Qe7 24. Nxf8 Qxe3+ 25. Kg2 Qf4 26. Rh1 Kxf8 27.
Qf5 Qd2+ 28. Kh3 Bf4 29. Rcd1 Qe3 30. Rd3 Qe2 31. Qxf4 Qxd3 32. Re1 Kg8 33. Qe3
Qxe3 34. Rxe3 Kf7 35. Rb3 b6 36. Ra3 c5 37. Rxa7+ Kg6 38. Rb7 cxd4 39. Rxb6 d3
40. Rb3 Ne4 41. Kg2 Nc5 42. Kf2 Nxb3 43. axb3 Kf6 44. Ke3 Ke5 45. Kxd3 Kd6 46.
Kd4 Kc6 47. f4 1-0

[Event "Eastpointe (EDO/1b/4)"]
[Site "?"]
[Date "1994.??.??"]
[Round "?"]
[White "Gabbara, Faris"]
[Black "Carvell, John"]
[Result "1-0"]
[WhiteElo "2140"]
[BlackElo "1605"]
[PlyCount "63"]
[EventDate "1994.??.??"]

1. e4 e5 2. f4 exf4 3. Nf3 d5 4. exd5 Nf6 5. c4 c6 6. dxc6 Nxc6 7. d4 Bd6 8.
Be2 O-O 9. O-O Re8 10. Nc3 a6 11. c5 Bc7 12. d5 Nb4 13. d6 Bb8 14. a3 Nc6 15.
Bxf4 Ne4 16. Nxe4 Rxe4 17. Bg5 Qe8 18. Bd3 Re6 19. Bc4 Rg6 20. Nh4 Re6 21. Bxe6
Bxe6 22. Qe2 Ba7 23. Rac1 b6 24. b4 a5 25. Qe4 bxc5 26. bxc5 Rb8 27. Nf5 Rb5
28. Qxc6 Qxc6 29. Ne7+ Kh8 30. Nxc6 Bxc5+ 31. Kh1 Bd5 32. d7 1-0

[Event "Detroit (CAO/4/2)"]
[Site "?"]
[Date "1994.??.??"]
[Round "?"]
[White "Gabbara, Faris"]
[Black "Bueno, A."]
[Result "0-1"]
[WhiteElo "2155"]
[BlackElo "2100"]
[PlyCount "118"]
[EventDate "1994.??.??"]

{4/(2)} 1. d4 Nf6 2. c4 e6 3. Nc3 Bb4 4. e3 O-O 5. a3 Bxc3+ 6. bxc3 d6 7. Bd3
e5 8. Qc2 Qe7 9. f3 Nc6 10. Ne2 b6 11. d5 Na5 12. e4 Ba6 13. Qa2 Nd7 14. Be3
Nc5 15. Bxc5 bxc5 16. O-O Rab8 17. Rab1 Qg5 18. Kf2 Rb6 19. Rxb6 axb6 20. Ng3
g6 21. Qe2 Nb3 22. Qc2 Qd2+ 23. Ne2 Qxc2 24. Bxc2 Nd2 25. Ra1 Nxc4 26. Bd3 Ra8
27. Bxc4 Bxc4 28. Ng3 Ra4 29. Ke3 b5 30. Kd2 b4 31. Nh1 bxa3 32. Kc2 Ra7 33.
Nf2 a2 34. Nd1 Rb7 35. Nb2 Bb3+ 36. Kc1 c4 37. Kd2 f5 38. g3 fxe4 39. fxe4 Kf7
40. h4 Ke7 41. g4 Ra7 42. Nd1 Bxd1 43. Kxd1 Kd7 44. Kc2 c6 45. Kb2 cxd5 46.
exd5 Kc7 47. Kc2 Kb6 48. h5 Kc5 49. hxg6 hxg6 50. g5 Kxd5 51. Kb2 Kc5 52. Kc2
d5 53. Kd2 d4 54. cxd4+ exd4 55. Kc2 Kb4 56. Kb2 d3 57. Kc1 c3 58. Kd1 Kb3 59.
Kc1 Rh7 0-1

[Event "Eastpointe (MI Action/3/4)"]
[Site "?"]
[Date "1994.??.??"]
[Round "?"]
[White "Gabbara, Faris"]
[Black "Aldrich, Jeff"]
[Result "1-0"]
[WhiteElo "2170"]
[BlackElo "1915"]
[PlyCount "75"]
[EventDate "1994.??.??"]

{3/(4)} 1. e4 c6 2. d4 d5 3. exd5 cxd5 4. Bd3 Nc6 5. c3 Qc7 6. Nf3 Bg4 7. h3
Bh5 8. Na3 a6 9. Nc2 e6 10. Ne3 Nf6 11. Qe2 Bd6 12. Nf5 O-O 13. Nxd6 Qxd6 14.
g4 Bg6 15. Bxg6 hxg6 16. Ne5 Qe7 17. Bg5 Rfc8 18. h4 Qe8 19. h5 gxh5 20. gxh5
Ne4 21. Bh4 b5 22. f3 Nd6 23. Rg1 Nf5 24. Bf6 Kf8 25. Rxg7 Nxg7 26. h6 Nh5 27.
h7 Nxf6 28. h8=Q+ Ke7 29. Qxe8+ Nxe8 30. f4 Nd6 31. Nxc6+ Rxc6 32. Kd2 Rac8 33.
Rc1 b4 34. Kd3 Ne4 35. c4 Rxc4 36. Rxc4 Rxc4 37. Qe1 a5 38. Qh4+ 1-0

[Event "Grand Rapids (MI Am/4/29)"]
[Site "?"]
[Date "1994.??.??"]
[Round "?"]
[White "Fuson, R."]
[Black "Worley, Ron"]
[Result "0-1"]
[WhiteElo "1605"]
[BlackElo "1605"]
[PlyCount "66"]
[EventDate "1994.??.??"]

{4/(29)} 1. d4 Nf6 2. e3 g6 3. Bd3 Bg7 4. Nf3 O-O 5. b3 d6 6. O-O Bg4 7. Nbd2
Nbd7 8. Bb2 c5 9. c3 Re8 10. h3 Bxf3 11. Qxf3 e5 12. Be4 Nxe4 13. Nxe4 d5 14.
Nd6 Rf8 15. Nxb7 Qc7 16. Nxc5 e4 17. Qd1 Nxc5 18. dxc5 Qxc5 19. Rc1 Rfd8 20.
Qc2 Rac8 21. b4 Qc4 22. Qb3 f5 23. Qxc4 dxc4 24. a4 Rd2 25. Ba1 Ra2 26. a5 Rd8
27. Rfd1 Rad2 28. Rxd2 Rxd2 29. Rb1 a6 30. Rb2 Bxc3 31. Rxd2 Bxd2 32. Bd4 Bxb4
33. Bb6 c3 0-1

[Event "Detroit (MOR/7/44)"]
[Site "?"]
[Date "1994.??.??"]
[Round "?"]
[White "Fuson, R."]
[Black "Vaughn, Gerald"]
[Result "0-1"]
[WhiteElo "1605"]
[BlackElo "1605"]
[PlyCount "58"]
[EventDate "1994.??.??"]

{7/(44)} 1. d4 d5 2. e3 Nf6 3. Bd3 c5 4. c3 Nc6 5. Nd2 e5 6. f4 e4 7. Bc2 Ng4
8. Nxe4 cxd4 9. exd4 Qe7 10. Qe2 dxe4 11. Bxe4 Bd7 12. Nf3 f5 13. Bd3 Qxe2+ 14.
Bxe2 Bd6 15. h3 Nf6 16. Ne5 Be6 17. Bb5 Rc8 18. Bd3 O-O 19. O-O Na5 20. Bd2 Nc4
21. Bxc4 Bxc4 22. Nxc4 Rxc4 23. g3 Ne4 24. Be1 Rf6 25. Rd1 h5 26. h4 Rg6 27.
Kh2 Rg4 28. Rg1 b5 29. Bf2 Nxf2 0-1

[Event "Detroit (MCO/DEU/2a/11)"]
[Site "?"]
[Date "1994.??.??"]
[Round "?"]
[White "Fuson, R."]
[Black "Smeckert, Dennis"]
[Result "1/2-1/2"]
[WhiteElo "1605"]
[BlackElo "1605"]
[PlyCount "85"]
[EventDate "1994.??.??"]

1. e4 e5 2. Nf3 Nc6 3. Bb5 Nge7 4. Nc3 d6 5. Nd5 Bd7 6. Bxc6 bxc6 7. Nb4 Ng6 8.
d4 d5 9. exd5 Bxb4+ 10. c3 Bd6 11. O-O e4 12. Re1 O-O 13. Rxe4 cxd5 14. Re2 h6
15. Qb3 Bg4 16. Re3 Bxf3 17. Rxf3 Rb8 18. Qc2 Rb7 19. g3 Re8 20. Be3 Qd7 21.
Re1 Qb5 22. b4 a5 23. a3 axb4 24. axb4 Qc4 25. Qf5 c6 26. Bd2 Rxe1+ 27. Bxe1
Re7 28. Bd2 Qe2 29. Be3 Qe1+ 30. Kg2 Qxc3 31. Bxh6 Qxd4 32. Bg5 Qe5 33. Bxe7
Qxf5 34. Rxf5 Bxe7 35. b5 cxb5 36. Rxd5 b4 37. Rd7 Kf8 38. Rb7 Ke8 39. f4 Nf8
40. Kf3 Bd6 41. Ke4 Nd7 42. Rb5 b3 43. Rd5 1/2-1/2

[Event "Detroit (MOR/3/66)"]
[Site "?"]
[Date "1994.??.??"]
[Round "?"]
[White "Fuson, R."]
[Black "Randel, J."]
[Result "1-0"]
[WhiteElo "1605"]
[BlackElo "1605"]
[PlyCount "95"]
[EventDate "1994.??.??"]

{3/(66)} 1. d4 d5 2. e3 e6 3. Bd3 c5 4. c3 Nf6 5. Nd2 Bd6 6. f4 O-O 7. Ngf3 Nc6
8. Ne5 Bxe5 9. fxe5 Nd7 10. O-O a6 11. Rf3 b5 12. Bxh7+ Kxh7 13. Rh3+ Kg8 14.
Qh5 f6 15. Nf3 Qe8 16. Qh7+ Kf7 17. exf6 Kxf6 18. e4 Bb7 19. Bg5+ Kf7 20. Qh5+
Kg8 21. Qg4 Nf6 22. Bxf6 Rxf6 23. Rf1 Kf8 24. Rh8+ Kf7 25. Ng5+ Ke7 26. Rxe8+
Rxe8 27. Rxf6 Kxf6 28. e5+ Ke7 29. Qxe6+ Kd8 30. Nf7+ Kc7 31. Qxe8 Kb6 32. Nd6
cxd4 33. cxd4 b4 34. Nxb7 Kxb7 35. Qf7+ Kb6 36. Qxd5 a5 37. b3 g6 38. Qc5+ Kc7
39. e6 Kd8 40. Qxc6 Ke7 41. Qd7+ Kf6 42. h3 a4 43. Qf7+ Kg5 44. bxa4 b3 45.
axb3 Kh5 46. g4+ Kh4 47. Kg2 g5 48. Qh7# 1-0

[Event "Romulus (RVO/3/35)"]
[Site "?"]
[Date "1994.??.??"]
[Round "?"]
[White "Fuson, R."]
[Black "Paul, Dennis"]
[Result "0-1"]
[WhiteElo "1605"]
[BlackElo "1605"]
[PlyCount "74"]
[EventDate "1994.??.??"]

{3/(35)} 1. d4 d5 2. e3 Bf5 3. Bd3 e6 4. Nf3 Bd6 5. Nc3 Nd7 6. Bxf5 exf5 7.
Nxd5 Ngf6 8. Nxf6+ Nxf6 9. O-O O-O 10. c4 c6 11. b3 Qc7 12. c5 Be7 13. Ne5 Rad8
14. Qf3 g6 15. Bb2 Nh5 16. g4 Ng7 17. Kh1 f6 18. Nc4 fxg4 19. Qxg4 f5 20. Qh3
Ne6 21. f4 b6 22. b4 b5 23. Ne5 a5 24. a3 axb4 25. axb4 Ra8 26. Rxa8 Rxa8 27.
Rg1 Bf6 28. Nf3 Ra2 29. Rg2 Nxf4 30. exf4 Qxf4 31. Bc3 Ra3 32. Ne5 Qf1+ 33. Rg1
Qxh3 34. Rg3 Qf1+ 35. Rg1 Qf2 36. Nd3 Qh4 37. Be1 Qe4+ 0-1

[Event "Romulus (RVO/2/33)"]
[Site "?"]
[Date "1994.??.??"]
[Round "?"]
[White "Fuson, R."]
[Black "McNamara, Ron"]
[Result "0-1"]
[WhiteElo "1605"]
[BlackElo "1605"]
[PlyCount "116"]
[EventDate "1994.??.??"]

{2/(33)} 1. e4 e6 2. d4 d5 3. Nc3 c5 4. Nf3 Nc6 5. Bb5 a6 6. Bxc6+ bxc6 7. Be3
Qb6 8. b3 Qa5 9. Qd2 cxd4 10. Bxd4 c5 11. Be5 f6 12. exd5 fxe5 13. Nxe5 Nf6 14.
Qe3 Nxd5 15. Qf3 Qxc3+ 16. Qxc3 Nxc3 17. O-O Bd6 18. Nc4 Bc7 19. Rfe1 O-O 20.
Re3 Nd5 21. Rh3 e5 22. Rd3 Bb7 23. Re1 Rae8 24. g3 Nb4 25. Rd7 Rf7 26. Rd2 Nxa2
27. Rde2 e4 28. f4 Nc3 29. Re3 Nd5 30. Rxe4 Rxe4 31. Rxe4 Re7 32. Rxe7 Nxe7 33.
Kf2 Bd5 34. Ne5 Bxe5 35. fxe5 Nc6 36. c4 Be6 37. Ke3 Nxe5 38. Ke4 Nc6 39. Kf4
Kf7 40. h4 a5 41. h5 h6 42. g4 Kf6 43. Ke4 Nd4 44. Kd3 Nxb3 45. Kc3 a4 46. Kb2
Bxg4 47. Ka3 Bd7 48. Kb2 Kg5 49. Kc2 Kxh5 50. Kd3 g5 51. Ke4 a3 52. Kd3 a2 53.
Kc3 a1=Q+ 54. Kxb3 Qd4 55. Kc2 g4 56. Kc1 g3 57. Kc2 g2 58. Kb3 g1=Q 0-1

[Event "Grand Rapids (MI Am/2/39)"]
[Site "?"]
[Date "1994.??.??"]
[Round "?"]
[White "Fuson, R."]
[Black "Draper, M."]
[Result "1-0"]
[WhiteElo "1605"]
[BlackElo "1605"]
[PlyCount "41"]
[EventDate "1994.??.??"]

{2/(39)} 1. d4 d5 2. e3 e6 3. Bd3 c5 4. c3 Nf6 5. Nd2 Nbd7 6. f4 Bd6 7. Ngf3
Ne4 8. Nxe4 dxe4 9. Bxe4 Nf6 10. Bd3 O-O 11. Ne5 Qc7 12. O-O b6 13. g4 Bxe5 14.
fxe5 c4 15. Bc2 Bb7 16. exf6 g6 17. e4 Rad8 18. Qd2 Qd7 19. e5 Kh8 20. Qh6 Qd5
21. Qg7# 1-0

[Event "Detroit (MOR/5/53)"]
[Site "?"]
[Date "1994.??.??"]
[Round "?"]
[White "Fuson, R."]
[Black "Carpenter, George"]
[Result "0-1"]
[WhiteElo "1605"]
[BlackElo "1605"]
[PlyCount "74"]
[EventDate "1994.??.??"]

{5/(53)} 1. d4 d5 2. e3 Nf6 3. Bd3 e6 4. Nd2 Be7 5. f4 c5 6. c3 Nc6 7. Ngf3
cxd4 8. exd4 Qc7 9. Ne5 Bd6 10. Ndf3 Ne4 11. Nxc6 bxc6 12. Ne5 f6 13. Qh5+ g6
14. Nxg6 Qf7 15. O-O Qxg6 16. Qxg6+ hxg6 17. g3 a5 18. Bxe4 dxe4 19. Be3 Ba6
20. Rfd1 Bd3 21. Rxd3 exd3 22. Rd1 Rb8 23. b3 a4 24. b4 Bxb4 25. cxb4 Rxb4 26.
Rxd3 Rb2 27. Rd2 Rxd2 28. Bxd2 Kd7 29. h4 Rb8 30. a3 Rb3 31. Bb4 Rxb4 32. axb4
a3 33. Kf2 a2 34. Ke3 a1=Q 35. Kd3 Kd6 36. g4 Qb1+ 37. Kc4 Qc2# 0-1